000 00664nam a2200217Ia 4500
003 GCL
008 140319s9999 xx 000 0 ara d
020 _a3242701977
040 _aGCL /
_cGCL
082 0 4 _a923.2
_bم م
100 1 _aمنى مكرم عبيد
245 1 0 _aمكرم عبيد - كلمات ومواقف /
_cمنى مكرم عبيد
250 _aالاولى
260 _aالقاهرة :
_bالهيئة المصرية العامة للكتاب ،
_c1990
300 _a463 ص ؛
_c24 سم
490 _a
650 0 4 _aمصر
650 0 4 _aالصحافة المصرية
650 0 4 _aالاحتلال البريطانى
942 _2ddc
_cBK
999 _c28192
_d28192